Central Library OPAC University of Rajshahi

Delegation in local government : (Record no. 46621)

MARC details
000 -LEADER
fixed length control field 00767nam a2200241 a 4500
001 - CONTROL NUMBER
control field 46621
003 - CONTROL NUMBER IDENTIFIER
rucl marc code BD-RjUL
005 - DATE AND TIME OF LATEST TRANSACTION
control field 20211209054159.0
008 - FIXED-LENGTH DATA ELEMENTS--GENERAL INFORMATION
fixed length control field 160803s1956 enk b 001 0 eng
035 ## - SYSTEM CONTROL NUMBER
System control number (BD-RjUL)46740
040 ## - CATALOGING SOURCE
Original cataloging agency DLC
Transcribing agency MnStclS
Modifying agency BD-RjUL
Language of cataloging eng
041 ## - LANGUAGE CODE
Language code of text/sound track or separate title eng
082 ## - DEWEY DECIMAL CLASSIFICATION NUMBER
Classification number 352.042
Edition number 23
Author mark and year RID 1956
100 1# - MAIN ENTRY--PERSONAL NAME
Personal name Richards, Peter G.
9 (RLIN) 142171
245 10 - TITLE STATEMENT
Title Delegation in local government :
Remainder of title county to district councils /
Statement of responsibility, etc. Peter G. Richards.
260 ## - PUBLICATION, DISTRIBUTION, ETC. (IMPRINT)
Place of publication, distribution, etc. London :
Name of publisher, distributor, etc. G. Allen & Unwin,
Date of publication, distribution, etc. 1956
300 ## - PHYSICAL DESCRIPTION
Pagination 184 p. ;
Size 23 cm.
490 0# - SERIES STATEMENT
Series statement The New town and county hall series
504 ## - BIBLIOGRAPHY, ETC. NOTE
Bibliography, etc Includes bibliography.
650 #0 - SUBJECT ADDED ENTRY--TOPICAL TERM
Topical term or geographic name as entry element Delegation of powers
Geographic subdivision Great Britain.
9 (RLIN) 142172
Topical term or geographic name as entry element Local government
Geographic subdivision Great Britain.
9 (RLIN) 142173
942 ## - ADDED ENTRY ELEMENTS (KOHA)
Source of classification or shelving scheme Dewey Decimal Classification
Koha item type Books
Holdings
Lost status Source of classification or shelving scheme Damaged status Not for loan Collection code Permanent Location Current Location Shelving location Date acquired Source of acquisition Cost, normal purchase price Total Checkouts Full call number Date last seen Copy number Koha item type
  Dewey Decimal Classification     Fiction Central Library, University of Rajshahi Central Library, University of Rajshahi   30/08/1969 Zeitlinger 20.00   352.042 RID 1956 03/08/2016 C-2 Books
  Dewey Decimal Classification     Fiction Central Library, University of Rajshahi Central Library, University of Rajshahi   30/08/1969 Zeitlinger 20.00   352.042 RID 1956 03/08/2016 C-3 Books
  Dewey Decimal Classification     Fiction Central Library, University of Rajshahi Central Library, University of Rajshahi   30/08/1969 Zeitlinger 20.00   352.042 RID 1956 03/08/2016 C-4 Books
  Dewey Decimal Classification     Non-fiction Central Library, University of Rajshahi Central Library, University of Rajshahi   30/08/1969 Zeitlinger 20.00   352.042 RID 1956 03/08/2016 C-5 Books
  Dewey Decimal Classification     Non-fiction Central Library, University of Rajshahi Central Library, University of Rajshahi   30/08/1969 Zeitlinger 20.00   352.042 RID 1956 03/08/2016 C-6 Books